"D" Cities in the United States - Statistics

General Stats
  • This quiz has been taken 112 times
  • The average score is 7 of 12
Answer Stats
State Population Answer % Correct
Colorado 715,522 Denver
99%
Michigan 639,111 Detroit
99%
Texas 1,304,379 Dallas
98%
Iowa 214,133 Des Moines
89%
Ohio 137,644 Dayton
79%
North Carolina 283,506 Durham
75%
Iowa 101,724 Davenport
58%
Michigan 109,976 Dearborn
44%
Texas 139,869 Denton
40%
California 114,355 Downey
20%
California 104,901 Daly City
19%
Florida 105,691 Davie
18%
No matching quizzes found
Score Distribution
Percent of People with Each Score
Percentile by Number Answered
Your Score History
You have not taken this quiz